| 000 | 01278nam a2200313Ia 4500 | ||
|---|---|---|---|
| 005 | 20250226113922.0 | ||
| 008 | 171102s2010 ck a gr spa | ||
| 020 | _a9789589076415 | ||
| 040 |
_aCo-BoUCM _bspa _cSaul Niño (Modificó) _dDavid Moreno (modificó) |
||
| 041 | 0 | 0 | _aspa |
| 060 | _aQT 261 | ||
| 245 | 0 | 0 |
_aActividad física y salud cardiovascular en búsqueda de la relación dosis-respuesta _ceditores académicos Jaime Alberto Gallo Villegas...[y otros.] |
| 260 |
_aMedellín (Antioquia, Colombia) _bCorporación para Investigaciones Biológicas _c2010 |
||
| 300 |
_axxvi, 459 páginas _bgráficas |
||
| 650 | 7 |
_aEducación física _913825 |
|
| 650 | 7 |
_aEjercicio _913933 |
|
| 650 | 7 |
_aEstado físico _915022 |
|
| 650 | 7 |
_aMedicina deportiva _919146 |
|
| 650 | 7 |
_aMedicina preventiva _919179 |
|
| 653 | _aLos paisas | ||
| 700 | 1 |
_aArando Vélez, Elkin Fernando _988371 |
|
| 700 | 1 |
_aClavijo Rodríguez, Mónica _988372 |
|
| 700 | 1 |
_aGallo Villegas, Jaime Alberto _988373 |
|
| 700 | 1 |
_aRodriguez Chavarro, Nelson _988374 |
|
| 700 | 1 |
_aSaldarriaga Franco, Juan Fernando _988375 |
|
| 710 | 2 |
_aCorporación para Investigaciones Biológicas.CIB _93450 |
|
| 710 | 2 |
_aUniversidad de Antioquia _94706 |
|
| 942 |
_cLIBRO _a15 _e1 _mA188 _2NLM _hQT 261 _n0 |
||
| 999 |
_c76911 _d76911 |
||